| 000 | 00744nam a2200217 i 4500 | ||
|---|---|---|---|
| 001 | 107945 | ||
| 003 | ES-MaACL | ||
| 005 | 20250829080501.0 | ||
| 007 | t| | ||
| 008 | 070103s1970 sp ||||1| spa d | ||
| 080 | _a882-321.2"18" | ||
| 100 | 1 |
_aChejov, Anton Pavlovich. _938315 |
|
| 245 | 1 | 0 |
_aNarraciones / _cAnton P. Chejov; prólogo de Jose Lain Entralgo; traducción del ruso por José Laín Entralgo. |
| 260 |
_aMadrid : _bSalvat, _c1970. |
||
| 300 |
_a170 p., 1 h. ; _c19 cm. |
||
| 490 | 1 |
_aBiblioteca básica Salvat de Libros RTV ; _v44 |
|
| 700 | 1 |
_aLaín Entralgo, José. _969679 |
|
| 830 | 0 | 0 |
_aBiblioteca básica Salvat de libros RTV _v44 _9185398 |
| 852 |
_aES-MaACL _jE-2965 _bR.69765 |
||
| 999 |
_c107945 _d107945 |
||